Relocating cultural studies : developments in theory and research = Reubicación de los estudiso culturales : evolución de la teoría y la investigación /
Gardado en:
| Autor Principal: | |
|---|---|
| Formato: | Desconocido |
| Idioma: | English |
| Publicado: |
Londres ; New York :
Routledge,
1993.
|
| Materias: | |
| Etiquetas: |
Engadir etiqueta
Sen Etiquetas, Sexa o primeiro en etiquetar este rexistro!
|
MARC
| LEADER | 000000000a22000000004500 | ||
|---|---|---|---|
| 001 | 014153 | ||
| 020 | |a 0415075491 | ||
| 041 | 0 | |a eng | |
| 082 | 0 | 4 | |a 306.07 |b B658r |
| 100 | 1 | |a Blundell, Valda, |d 1941- | |
| 245 | 1 | 0 | |a Relocating cultural studies : |b developments in theory and research = Reubicación de los estudiso culturales : evolución de la teoría y la investigación / |c Valda Blundell. |
| 246 | 3 | 1 | |a Reubicación de los estudiso culturales : evolución de la teoría y la investigación |
| 260 | 1 | |a Londres ; New York : |b Routledge, |c 1993. | |
| 300 | |a 236 páginas ; |c 23 cm. | ||
| 650 | 4 | |a CULTURA | |
| 650 | 4 | |a ESTUDIO Y ENSEÑANZA | |
| 500 | |a Colección George Yúdice | ||
| 999 | |c 20049 |d 20049 | ||
| 942 | |c BK |h 306.07 B658r |2 z | ||



